| 000 | 00939nam a2200217Ia 4500 | ||
|---|---|---|---|
| 005 | 20240530110945.0 | ||
| 008 | 140319s2021 ua a g 000 0 ara d | ||
| 017 |
_bمصر. دار الكتب _a9070 |
||
| 020 | _a9789777333931 | ||
| 040 |
_aGCL / _cGCL |
||
| 082 | 0 | 4 |
_221 _a370.1524 _bهـ ت |
| 100 | 0 | _aهند احمد ابوالسعود سلطان | |
| 245 | 1 | 2 |
_aالتفكير المستقبلى : _bماهيته - استراتيجية - مهاراته واهميته واهمية تضمينها فى المناهج / _cتاليف هند احمد ابوالسعود سلطان ؛ تقديم فايزة احمد الحسينى |
| 250 | _aط. 1 | ||
| 260 |
_aالاسكندرية : _bدار التعليم الجامعى، _c2021. |
||
| 300 |
_a292 ص. : _bايض ؛ _c24 سم. |
||
| 650 | 0 | 7 | _aالتفكير |
| 650 | 0 | 7 | _aالتفكير المستقبلى |
| 942 |
_2ddc _cBK |
||
| 999 |
_c66894 _d66894 |
||